| 000 | 00603cam a22001571 4500 | ||
|---|---|---|---|
| 082 |
_a941.1 _bMAC _cD |
||
| 100 | 1 |
_aMackintosh, John, _950037 |
|
| 245 | 0 | 4 |
_aThe story of Scotland from the earliest times to the present century ... _cby John Mackintosh ... |
| 260 |
_aNew York, _bG. P. Putnam's Sons; _aLondon, _bT. F. Unwin, _c1890. |
||
| 300 |
_a1 p. l., [vii]-xxi, 336 p. _bfront., illus., port., fold. map. _c20 cm. |
||
| 490 | 0 | _aStory of the nations | |
| 526 |
_a0 _b0 _c0 _d941_100000000000000_MAC |
||
| 650 |
_aMCE _9379 |
||
| 856 | 4 | 1 | _uhttp://hdl.loc.gov/loc.gdc/scd0001.00213560359 |
| 942 |
_2ddc _cBK |
||
| 999 |
_c552769 _d552769 |
||